000 00582nam a2200229Ia 4500
003 OSt
005 20220924150554.0
006 a|||||r|||| 00| 0
007 ta
008 220923b |||||||| |||| 00| 0 tel d
024 _a333721
037 _cTextual
040 _aARTS
_cARTS
_btel
041 _2tel
_atel
082 _aO35,2MNA,2, K2
100 _aNararyanarao Nara
_9222436
245 0 _aVara sikrayamee
260 _c1962
650 _aTELUGU DRAMA
_9173432
942 _hO35,2MNA,2, K2
_cTEXL
_2CC
999 _c463808
_d463808